| 000 | 00504cam a22001457a 4500 | ||
|---|---|---|---|
| 008 | 180718b1972 xxu||||| |||| 00| 0 eng d | ||
| 082 | _aB11x5434 J199 | ||
| 100 | _aJain, Kailash Chand | ||
| 245 |
_aAncient cities and town of Rajasthan : a study of culture and civilization _cby Kailash Chand Jain |
||
| 260 |
_aDelhi _bMotilal Bnarsidass _c1972 |
||
| 300 | _axx, 645 | ||
| 650 | _aRajasthan (India) -History. | ||
| 650 | _aRajasthan (India) -Civilization | ||
| 650 | _aCities and towns -India -Rajasthan | ||
| 999 |
_c408146 _d408146 |
||